00707nam a22001697a 450000500170000000800410001701000150005802000110007303500130008403700130009704000130011008200150012324502250013826000430036327001020040630000290050820111013113642.0111013t xxu||||| |||| 00| 0 eng d aENG-103968 c180.00 aEN-87501 bDBAD/PUB aDPLbEng a346.540488 aThe trade marks act, 1999 (47 of 1999) as amended by the trade marks (amendment) act, 2010 (40 of 2010) with the trade marks rules, 2002 as amended by the trade marks (amendment) rules, 2010 along with short notesheng aDelhi bUniversal Law Publishingc2011 aC-FF-1A, Dilkhush Industrial Estate, (Opp. Hans Cinema, Azadpur) G.T. Karnal Road,bDelhie110033 axxii,276,6p.c24cm (pbk)